00395nam a2200157Ia 4500003000400000005001700004008004000021040000700061041000800068082001700076100002300093245004100116260004200157300000900199650002900208OSt20260214120227.0210210b1971 xxu||||| |||| 00| 0 eng d cAL aeng a821.009 HOLM aHollander, John Ed aModern poetryb: essays in criticism aLondonbOxford University Pressc1971 a520p aEnglish Poetry Criticism